| 000 | 00477nam a2200181Ia 4500 | ||
|---|---|---|---|
| 001 | 63130 | ||
| 008 | 150108s9999 xx 000 0 und d | ||
| 020 | _a9780957106093 | ||
| 040 | _cPK-LaUMT | ||
| 082 |
_a 305.8927 _bALJ-Y |
||
| 100 | _aAl Jaber, Mohamed Bin issa | ||
| 245 |
_aYes- the Arabs can too _cAl Jaber, Mohamed Bin issa |
||
| 260 |
_aLondon,UK: _bArabian Publishing, _c2013 |
||
| 300 | _a162 p. | ||
| 546 | _aEN | ||
| 650 | _aArab-Social condition | ||
| 942 | _cBK | ||
| 999 |
_c63734 _d63734 |
||